000
00210nam a2200097Ia 4500
008
190216s9999||||xx |||||||||||||| ||und||
100
_a
Nagavalli
245
0
_a
Mahacharithamala 82
260
_b
Null
942
_c
BK
999
_c
25575
_d
25575